Instalaciones de acondicionamiento higrotérmico para arquitectos : textos, imágenes y planos = HVAC systems for architects : texts, images and plans /
Kaydedildi:
| Asıl Yazarlar: | , , |
|---|---|
| Diğer Yazarlar: | |
| Materyal Türü: | Elektronik Ekitap |
| Dil: | İspanyolca İngilizce |
| Baskı/Yayın Bilgisi: |
[Pamplona, España] :
EUNSA,
[2017]
|
| Konular: | |
| Online Erişim: | Digitalia Hispánica |
| Etiketler: |
Etiketle
Etiket eklenmemiş, İlk siz ekleyin!
|
MARC
| LEADER | 00000nam a2200000Ii 4500 | ||
|---|---|---|---|
| 001 | DIGEDUNAV0317 | ||
| 003 | NyNyDIG | ||
| 006 | m o d | ||
| 007 | cr ||||||||||| | ||
| 008 | 220611s2017 sp a ob 000 0 spa d | ||
| 035 | |a (OCoLC)1333701876 | ||
| 040 | |a DGITA |b eng |e rda |e pn |c DGITA | ||
| 020 | |z 9788431332242 | ||
| 041 | 1 | |a spa |h eng | |
| 050 | 1 | 4 | |a TH6021 ebook |
| 082 | 0 | 4 | |a 720.47 |
| 100 | 1 | |a Martín-Gómez, César, |e author. | |
| 245 | 1 | 0 | |a Instalaciones de acondicionamiento higrotérmico para arquitectos : |b textos, imágenes y planos = HVAC systems for architects : texts, images and plans / |c César Martín-Gómez, Elia Ibáñez-Puy, Amaia Zuazua-Ros ; traducción = translation, Ann Hannigan. |
| 246 | 3 | 1 | |a HVAC systems for architects : |b texts, images and plans |
| 264 | 1 | |a [Pamplona, España] : |b EUNSA, |c [2017] | |
| 300 | |a 1 online resource : |b illustrations. | ||
| 336 | |a text |b txt |2 rdacontent | ||
| 337 | |a computer |b c |2 rdamedia | ||
| 338 | |a online resource |b cr |2 rdacarrier | ||
| 347 | |a text file |2 rdaft | ||
| 347 | |b PDF | ||
| 504 | |a Includes bibliographical references. | ||
| 546 | |a Text in Spanish and English. | ||
| 588 | 0 | |a Online resource; title from PDF title page (Digitalia, viewed June 11, 2022) | |
| 650 | 0 | |a Buildings |x Environmental engineering. | |
| 650 | 0 | |a Air conditioning. | |
| 655 | 0 | |a Electronic books. | |
| 700 | 1 | |a Ibáñez Puy, Elia, |d 1994- |e author. | |
| 700 | 1 | |a Zuazua-Ros, Amaia, |e author. | |
| 700 | 1 | |a Hannigan, Ann, |e translator. | |
| 700 | 1 | 2 | |i Container of (work): |a Martín-Gómez, César. |t Instalaciones de acondicionamiento higrotérmico para arquitectos. |
| 700 | 1 | 2 | |i Container of (expression): |a Martín-Gómez, César. |t Instalaciones de acondicionamiento higrotérmico para arquitectos. |l English |s (Hannigan) |
| 791 | 2 | |a Digitalia (Firm), |e distributor. | |
| 793 | 0 | |g Digitalia eBook Collection: |a Ediciones Universidad de Navarra | |
| 776 | 0 | 8 | |i Print version: |a Martín-Gómez, César. |t Instalaciones de acondicionamiento higrotérmico para arquitectos. |d [Pamplona, España] : EUNSA, [2017] |z 9788431332242 |
| 856 | 4 | 0 | |3 Digitalia Hispánica |u https://digitalia.unach.elogim.com/a/51711/ |
| 910 | |a Premium collection: 2022 | ||